Business information systems: (Record no. 1399)

MARC details
000 -LEADER
fixed length control field 00653nam a22002177a 4500
003 - CONTROL NUMBER IDENTIFIER
control field OSt
005 - DATE AND TIME OF LATEST TRANSACTION
control field 20150410174536.0
008 - FIXED-LENGTH DATA ELEMENTS--GENERAL INFORMATION
fixed length control field 150410b xxu||||| |||| 00| 0 eng d
020 ## - INTERNATIONAL STANDARD BOOK NUMBER
International Standard Book Number 9780273736455
040 ## - CATALOGING SOURCE
Transcribing agency DDC
082 ## - DEWEY DECIMAL CLASSIFICATION NUMBER
Edition number 22nd ed.
Classification number 658.4 BOC 2015
100 ## - MAIN ENTRY--PERSONAL NAME
Personal name Bocij, Paul
9 (RLIN) 3695
245 ## - TITLE STATEMENT
Title Business information systems:
Remainder of title Technology, development and management for the E-Business
250 ## - EDITION STATEMENT
Edition statement 5th ed.
260 ## - PUBLICATION, DISTRIBUTION, ETC. (IMPRINT)
Place of publication, distribution, etc. England;
Name of publisher, distributor, etc. Pearson,
Date of publication, distribution, etc. 2015
300 ## - PHYSICAL DESCRIPTION
Extent xxiii,671p;
Other physical details col.ill:
Dimensions 26.5cm
504 ## - BIBLIOGRAPHY, ETC. NOTE
Bibliography, etc Glossary & index included
650 ## - SUBJECT ADDED ENTRY--TOPICAL TERM
Topical term or geographic name as entry element Business information systems
9 (RLIN) 3696
700 ## - ADDED ENTRY--PERSONAL NAME
Personal name Greasley, Andrew
9 (RLIN) 3697
942 ## - ADDED ENTRY ELEMENTS (KOHA)
Source of classification or shelving scheme Dewey Decimal Classification
Koha item type Open Shelf
Holdings
Withdrawn status Lost status Source of classification or shelving scheme Damaged status Not for loan Home library Current library Date acquired Source of acquisition Inventory number Total Checkouts Full call number Barcode Date last seen Koha item type
    Dewey Decimal Classification     MUST Main Library MUST Main Library 10/04/2015   15/38960   658.4 BOC 2015 2015-0894 10/04/2015 Open Shelf
    Dewey Decimal Classification     MUST Main Library MUST Main Library 10/04/2015   15/38961   658.4 BOC 2015 2015-0895 10/04/2015 Open Shelf